[Event "HUN-chT2 Toth 1718"]
[Site "Hungary"]
[Date "2017.11.26"]
[Round "4.2"]
[White "Borsi, Imre"]
[Black "Kakuk, Sandor"]
[Result "1/2-1/2"]
[WhiteElo "2070"]
[BlackElo "2141"]
[PlyCount "20"]
[EventDate "2017.09.24"]
[EventType "team-tourn"]
[EventRounds "11"]
[EventCountry "HUN"]
[SourceTitle "EXT 2021"]
[Source "ChessBase"]
[SourceDate "2020.10.23"]
[SourceVersion "1"]
[SourceVersionDate "2020.10.23"]
[SourceQuality "1"]
[WhiteTeam "Szentes Integral"]
[BlackTeam "Oroshaza"]
[WhiteTeamCountry "HUN"]
[BlackTeamCountry "HUN"]

1. d4 d5 2. Nf3 Nc6 3. Bf4 Bg4 4. e3 e6 5. h3 Bh5 6. c3 Bd6 7. Bxd6 Qxd6 8. Be2 Nf6 9. 0-0 0-0 10. Nbd2 e5 1/2-1/2

[Event "HUN-chT2 Toth 1617"]
[Site "Hungary"]
[Date "2016.12.11"]
[Round "6.2"]
[White "Szasz, Janos"]
[Black "Borsi, Imre"]
[Result "1/2-1/2"]
[WhiteElo "2056"]
[BlackElo "2066"]
[PlyCount "24"]
[EventDate "2016.09.25"]
[EventType "team-tourn"]
[EventRounds "11"]
[EventCountry "HUN"]
[SourceTitle "EXT 2021"]
[Source "ChessBase"]
[SourceDate "2020.10.23"]
[SourceVersion "1"]
[SourceVersionDate "2020.10.23"]
[SourceQuality "1"]
[WhiteTeam "Bekes"]
[BlackTeam "Szentes Integral"]
[WhiteTeamCountry "HUN"]
[BlackTeamCountry "HUN"]

1. d4 Nf6 2. c4 e6 3. Nf3 b6 4. g3 Bb7 5. Bg2 Be7 6. 0-0 0-0 7. Nc3 Ne4 8. Nxe4 Bxe4 9. Nd2 Bxg2 10. Kxg2 d5 11. Kg1 Bf6 12. e3 dxc4 1/2-1/2

[Event "HUN-chT Csongrad Region"]
[Site "Hungary"]
[Date "2015.11.15"]
[Round "4.1"]
[White "Borsi, Imre"]
[Black "Kelemen, Imre"]
[Result "1/2-1/2"]
[WhiteElo "2100"]
[BlackElo "2120"]
[PlyCount "59"]
[EventDate "2015.09.20"]
[EventType "team-tourn"]
[EventRounds "9"]
[EventCountry "HUN"]
[SourceTitle "EXT 2017"]
[Source "ChessBase"]
[SourceDate "2016.10.25"]
[SourceVersion "1"]
[SourceVersionDate "2016.10.25"]
[SourceQuality "1"]

1. d4 Nf6 2. c4 c5 3. d5 b5 4. cxb5 a6 5. b6 Qxb6 6. Nc3 g6 7. e4 d6 8. f4 Bg7 9. Nf3 Qb4 10. a3 Qb6 11. Be2 Nbd7 12. Nd2 Qa7 13. Nc4 0-0 14. 0-0 Nb6 15. Na5 Bd7 16. Be3 Qc7 17. Qd2 Na4 18. Nxa4 Nxe4 19. Qe1 Bxa4 20. Bf3 Nf6 21. Rf2 Rab8 22. Rc1 Bb3 23. Nc6 Rb7 24. Rd2 Re8 25. Rd3 Ba4 26. b4 c4 27. Rdc3 Nxd5 28. Bxd5 Bxc3 29. Qxc3 Bxc6 30. Bxc4 1/2-1/2

[Event "HUN-chT2 Toth 1516"]
[Site "Hungary"]
[Date "2015.10.18"]
[Round "3.2"]
[White "Borsi, Imre"]
[Black "Czegledi, Laszlo"]
[Result "1/2-1/2"]
[WhiteElo "2083"]
[BlackElo "2175"]
[PlyCount "27"]
[EventDate "2015.09.13"]
[EventType "team-tourn"]
[EventRounds "11"]
[EventCountry "HUN"]
[SourceTitle "CBM 170 Extra"]
[Source "ChessBase"]
[SourceDate "2016.02.25"]
[SourceVersion "1"]
[SourceVersionDate "2016.02.25"]
[SourceQuality "1"]
[WhiteTeam "Szentes Integral"]
[BlackTeam "Ujszasz"]
[WhiteTeamCountry "HUN"]
[BlackTeamCountry "HUN"]

1. d4 d5 2. Nf3 e6 3. c4 c6 4. Nc3 dxc4 5. a4 Bb4 6. Bd2 Nf6 7. e3 b5 8. axb5 Bxc3 9. Bxc3 cxb5 10. b3 a5 11. bxc4 Ne4 12. Bb2 b4 13. Bd3 f5 14. Bxe4 1/2-1/2

[Event "HUN-chT Csongrad Region"]
[Site "Hungary"]
[Date "2015.09.27"]
[Round "2.2"]
[White "Bodo, Imre"]
[Black "Borsi, Imre"]
[Result "0-1"]
[WhiteElo "1783"]
[BlackElo "2100"]
[PlyCount "66"]
[EventDate "2015.09.20"]
[EventType "team-tourn"]
[EventRounds "9"]
[EventCountry "HUN"]
[SourceTitle "EXT 2017"]
[Source "ChessBase"]
[SourceDate "2016.10.25"]
[SourceVersion "1"]
[SourceVersionDate "2016.10.25"]
[SourceQuality "1"]

1. d4 Nf6 2. c4 e6 3. Nc3 c5 4. d5 exd5 5. cxd5 d6 6. e4 g6 7. Bd3 Bg7 8. Nge2 0-0 9. Bg5 h6 10. Bh4 a6 11. a4 Re8 12. f3 Nbd7 13. Bc2 Rb8 14. 0-0 b5 15. axb5 axb5 16. Ra7 Qb6 17. Qa1 b4 18. Nd1 Bb7 19. Ne3 Ra8 20. Ra4 Qb5 21. Nc1 Nb6 22. Ra2 c4 23. Bd1 Nfd7 24. Be2 Nc5 25. Rd1 b3 26. Ra3 Rxa3 27. Qxa3 Ra8 28. Qxa8+ Bxa8 29. Bg3 Bxb2 30. Bxd6 Nca4 31. Ng4 Bxc1 32. Rxc1 b2 33. Re1 b1Q 0-1

[Event "HUN-chT2 Toth 1516"]
[Site "Hungary"]
[Date "2015.09.26"]
[Round "2.2"]
[White "Szasz, Janos"]
[Black "Borsi, Imre"]
[Result "1-0"]
[WhiteElo "2107"]
[BlackElo "2083"]
[PlyCount "119"]
[EventDate "2015.09.13"]
[EventType "team-tourn"]
[EventRounds "11"]
[EventCountry "HUN"]
[SourceTitle "CBM 170 Extra"]
[Source "ChessBase"]
[SourceDate "2016.02.25"]
[SourceVersion "1"]
[SourceVersionDate "2016.02.25"]
[SourceQuality "1"]
[WhiteTeam "Bekes"]
[BlackTeam "Szentes Integral"]
[WhiteTeamCountry "HUN"]
[BlackTeamCountry "HUN"]

1. d4 Nf6 2. Bf4 e6 3. Nf3 b6 4. e3 Bb7 5. Be2 Ne4 6. 0-0 f5 7. h3 Be7 8. c4 0-0 9. Nc3 d6 10. Nd2 Nd7 11. Ndxe4 fxe4 12. Bg4 Rf6 13. Qc2 d5 14. cxd5 exd5 15. Qb3 Rxf4 16. exf4 Nf6 17. Be6+ Kh8 18. Rfd1 Qd6 19. f5 a6 20. Rac1 Rd8 21. Ne2 Nh5 22. g4 Nf4 23. Nxf4 Qxf4 24. Qe3 Qd6 25. b4 h6 26. Qg3 Qxg3+ 27. fxg3 Bd6 28. Rc3 e3 29. Rxe3 Bxb4 30. a3 Bd6 31. Rde1 c5 32. Bf7 Bc6 33. Rb3 b5 34. dxc5 Bxc5+ 35. Kh2 d4 36. Rd3 b4 37. axb4 Bxb4 38. Red1 Bc5 39. Bc4 a5 40. R3d2 Ba4 41. Rf1 Bb4 42. Ra2 Be8 43. f6 gxf6 44. Rxf6 Kg7 45. Rf3 Bg6 46. Bd3 Bxd3 47. Rxd3 Bc3 48. Kg2 Rb8 49. Kf3 Kf6 50. Ke4 Re8+ 51. Kf4 Re1 52. h4 Rf1+ 53. Ke4 Re1+ 54. Kd5 Re3 55. Rf2+ Kg6 56. Kc4 Be1 57. Rf3 Rxd3 58. Rxd3 Bf2 59. Kb5 Kf6 60. Rf3+ 1-0

[Event "HUN-chT2 Toth 1415"]
[Site "Hungary"]
[Date "2015.04.26"]
[Round "11.2"]
[White "Szasz, Janos"]
[Black "Borsi, Imre"]
[Result "1/2-1/2"]
[WhiteElo "2063"]
[BlackElo "2120"]
[PlyCount "34"]
[EventDate "2014.09.07"]
[EventType "team-tourn"]
[EventRounds "11"]
[EventCountry "HUN"]
[SourceTitle "EXT 2016"]
[Source "ChessBase"]
[SourceDate "2015.10.08"]
[SourceVersion "1"]
[SourceVersionDate "2015.10.08"]
[SourceQuality "1"]
[WhiteTeam "Bekes"]
[BlackTeam "Szentes"]
[WhiteTeamCountry "HUN"]
[BlackTeamCountry "HUN"]

1. b3 c5 2. Bb2 Nc6 3. Nf3 d5 4. g3 d4 5. Bg2 Nf6 6. 0-0 e5 7. d3 Bd6 8. c3 0-0 9. cxd4 cxd4 10. Na3 Be6 11. Nc4 Bc7 12. Rc1 Re8 13. Ng5 Bd5 14. Ne4 Nxe4 15. dxe4 Be6 16. f4 f6 17. a4 Na5 1/2-1/2

[Event "HUN-chT2 Toth 1415"]
[Site "Hungary"]
[Date "2015.03.22"]
[Round "10.2"]
[White "Dosztan, Janos"]
[Black "Borsi, Imre"]
[Result "0-1"]
[WhiteElo "2199"]
[BlackElo "2120"]
[PlyCount "54"]
[EventDate "2014.09.07"]
[EventType "team-tourn"]
[EventRounds "11"]
[EventCountry "HUN"]
[SourceTitle "EXT 2016"]
[Source "ChessBase"]
[SourceDate "2015.10.08"]
[SourceVersion "1"]
[SourceVersionDate "2015.10.08"]
[SourceQuality "1"]
[WhiteTeam "Ujszasz"]
[BlackTeam "Szentes"]
[WhiteTeamCountry "HUN"]
[BlackTeamCountry "HUN"]

1. Nf3 g6 2. e4 Bg7 3. d4 d6 4. Be3 Nf6 5. Nc3 0-0 6. h3 c6 7. Be2 Nbd7 8. 0-0 b5 9. a3 Bb7 10. Bd3 e5 11. dxe5 dxe5 12. g4 a6 13. b4 Qe7 14. g5 Nh5 15. Ne2 c5 16. c3 Rad8 17. Qb1 c4 18. Bc2 f6 19. gxf6 Qxf6 20. Ne1 Nf4 21. Bxf4 exf4 22. f3 Qh4 23. Kh2 Ne5 24. Ng2 Qh5 25. Nd4 Rxd4 26. cxd4 Nxf3+ 27. Rxf3 Qxf3 0-1

[Event "HUN-chT2 Toth 1415"]
[Site "Hungary"]
[Date "2015.02.08"]
[Round "8.1"]
[White "Linczer, Janos"]
[Black "Borsi, Imre"]
[Result "1/2-1/2"]
[WhiteElo "2104"]
[BlackElo "2120"]
[PlyCount "28"]
[EventDate "2014.09.07"]
[EventType "team-tourn"]
[EventRounds "11"]
[EventCountry "HUN"]
[SourceTitle "EXT 2016"]
[Source "ChessBase"]
[SourceDate "2015.10.08"]
[SourceVersion "1"]
[SourceVersionDate "2015.10.08"]
[SourceQuality "1"]
[WhiteTeam "Maroczy II"]
[BlackTeam "Szentes"]
[WhiteTeamCountry "HUN"]
[BlackTeamCountry "HUN"]

1. e4 c6 2. d4 d5 3. e5 Bf5 4. Ne2 e6 5. Ng3 Bg6 6. h4 h6 7. h5 Bh7 8. Bd3 Bxd3 9. cxd3 Nd7 10. f4 Qb6 11. Be3 Qxb2 12. Nd2 Bb4 13. Rb1 Bxd2+ 14. Kf1 Qc3 1/2-1/2

[Event "HUN-chT2 Toth 1415"]
[Site "Hungary"]
[Date "2014.12.14"]
[Round "6.2"]
[White "Borsi, Imre"]
[Black "Kakuk, Sandor"]
[Result "0-1"]
[WhiteElo "2120"]
[BlackElo "2164"]
[PlyCount "82"]
[EventDate "2014.09.07"]
[EventType "team-tourn"]
[EventRounds "11"]
[EventCountry "HUN"]
[SourceTitle "EXT 2016"]
[Source "ChessBase"]
[SourceDate "2015.10.08"]
[SourceVersion "1"]
[SourceVersionDate "2015.10.08"]
[SourceQuality "1"]
[WhiteTeam "Szentes"]
[BlackTeam "Oroshaza"]
[WhiteTeamCountry "HUN"]
[BlackTeamCountry "HUN"]

1. d4 d5 2. Nf3 Nc6 3. Bf4 Bg4 4. e3 e6 5. h3 Bh5 6. Bb5 Bd6 7. g4 Bg6 8. Ne5 Nge7 9. h4 f6 10. Nxc6 Nxc6 11. h5 Bf7 12. c3 Bxf4 13. exf4 Qd6 14. Qf3 0-0-0 15. Nd2 Rhf8 16. 0-0-0 e5 17. Bxc6 Qxc6 18. Nb3 Kb8 19. Kb1 b6 20. f5 a5 21. Rhe1 a4 22. Nc1 e4 23. Qe3 a3 24. b4 Kb7 25. Nb3 g6 26. fxg6 hxg6 27. h6 g5 28. Rh1 Be6 29. Rdg1 Qd7 30. f3 Rde8 31. Nd2 exf3 32. Qxf3 f5 33. c4 fxg4 34. Qxa3 dxc4 35. Qc3 b5 36. Ka1 Rh8 37. Ne4 Qc6 38. Nxg5 Bd5 39. Rh4 Rxh6 40. Rgxg4 Rxh4 41. Rxh4 Qf6 0-1

[Event "HUN-chT2 Toth 1415"]
[Site "Hungary"]
[Date "2014.09.21"]
[Round "2.2"]
[White "Joo, Janos"]
[Black "Borsi, Imre"]
[Result "1/2-1/2"]
[WhiteElo "2031"]
[BlackElo "2120"]
[PlyCount "60"]
[EventDate "2014.09.07"]
[EventType "team-tourn"]
[EventRounds "11"]
[EventCountry "HUN"]
[SourceTitle "EXT 2016"]
[Source "ChessBase"]
[SourceDate "2015.10.08"]
[SourceVersion "1"]
[SourceVersionDate "2015.10.08"]
[SourceQuality "1"]
[WhiteTeam "Mako II"]
[BlackTeam "Szentes"]
[WhiteTeamCountry "HUN"]
[BlackTeamCountry "HUN"]

1. g3 Nf6 2. Bg2 d5 3. c4 c6 4. Nf3 dxc4 5. Na3 g6 6. Nxc4 Bg7 7. 0-0 0-0 8. Qc2 Nbd7 9. b3 Nb6 10. Bb2 Nxc4 11. bxc4 Re8 12. Rfd1 Bf5 13. d3 Rc8 14. Rab1 b6 15. Bc3 c5 16. a4 Nd7 17. Bxg7 Kxg7 18. a5 Qc7 19. axb6 axb6 20. Qb2+ e5 21. Ra1 Kg8 22. Nd2 Rb8 23. Ra6 h5 24. Rda1 Qd6 25. Rb1 Rec8 26. Qb5 Rc7 27. Nf1 Bg4 28. Rb2 Qd4 29. Ne3 Be6 30. h3 Kg7 1/2-1/2

[Event "HUN-chT2 Toth 1314"]
[Site "Hungary"]
[Date "2014.03.02"]
[Round "8.2"]
[White "Borsi, Imre"]
[Black "Doros, Radu Marian"]
[Result "1/2-1/2"]
[WhiteElo "2115"]
[BlackElo "2334"]
[PlyCount "69"]
[EventDate "2013.09.08"]
[EventType "team-tourn"]
[EventRounds "11"]
[EventCountry "HUN"]
[SourceTitle "EXT 2016"]
[Source "ChessBase"]
[SourceDate "2015.10.08"]
[SourceVersion "1"]
[SourceVersionDate "2015.10.08"]
[SourceQuality "1"]
[WhiteTeam "Szentes"]
[BlackTeam "Karcag"]
[WhiteTeamCountry "HUN"]
[BlackTeamCountry "HUN"]

1. d4 Nf6 2. c4 e6 3. Nf3 b6 4. g3 Ba6 5. b3 b5 6. cxb5 Bxb5 7. Bg2 d5 8. 0-0 Nbd7 9. Nc3 Ba6 10. Re1 Bd6 11. Bf4 Bxf4 12. gxf4 c5 13. e4 dxe4 14. Ng5 0-0 15. Ngxe4 Rc8 16. d5 exd5 17. Nxd5 Nxe4 18. Rxe4 Re8 19. Ra4 Re6 20. f5 Rd6 21. Qe1 Kf8 22. Qe3 Nf6 23. Nc3 Qe8 24. Re1 Qxe3 25. fxe3 Re8 26. Rd1 Rxd1+ 27. Nxd1 Bd3 28. Rxa7 c4 29. bxc4 Bxf5 30. Ra8 Be6 31. Nb2 Ng4 32. Rxe8+ Kxe8 33. Bc6+ Ke7 34. e4 Kd6 35. Bd5 1/2-1/2

[Event "HUN-chT2 Toth 1314"]
[Site "Hungary"]
[Date "2013.10.20"]
[Round "3.2"]
[White "Borsi, Imre"]
[Black "Bodrogi, Laszlo"]
[Result "1/2-1/2"]
[WhiteElo "2115"]
[BlackElo "2022"]
[PlyCount "67"]
[EventDate "2013.09.08"]
[EventType "team-tourn"]
[EventRounds "11"]
[EventCountry "HUN"]
[SourceTitle "EXT 2016"]
[Source "ChessBase"]
[SourceDate "2015.10.08"]
[SourceVersion "1"]
[SourceVersionDate "2015.10.08"]
[SourceQuality "1"]
[WhiteTeam "Szentes"]
[BlackTeam "Abony"]
[WhiteTeamCountry "HUN"]
[BlackTeamCountry "HUN"]

1. d4 e6 2. c4 Nf6 3. Nc3 Bb4 4. Bg5 h6 5. Bh4 g5 6. Bg3 Ne4 7. Qc2 Bxc3+ 8. bxc3 Nxg3 9. hxg3 Nc6 10. e4 b6 11. f4 Ba6 12. Nf3 gxf4 13. gxf4 Qf6 14. Qd2 Na5 15. e5 Qg7 16. 0-0-0 Bxc4 17. f5 0-0-0 18. Bxc4 Nxc4 19. Qe2 b5 20. a4 Qf8 21. Qa2 Qa3+ 22. Qxa3 Nxa3 23. axb5 Nxb5 24. Kc2 c6 25. Ra1 Rdg8 26. Rh2 Rg4 27. fxe6 fxe6 28. Kd3 Kb7 29. c4 Nc7 30. Nd2 Rg3+ 31. Ke2 Ne8 32. Ne4 Rg4 33. Kf3 Rg7 34. Nc5+ 1/2-1/2

[Event "HUN-chT2 Toth 0809"]
[Site "Hungary"]
[Date "2009.04.19"]
[Round "11.2"]
[White "Rat, Dan Ovidiu"]
[Black "Borsi, Imre"]
[Result "1-0"]
[WhiteElo "2304"]
[BlackElo "2176"]
[PlyCount "109"]
[EventDate "2008.10.26"]
[EventType "team-tourn"]
[EventRounds "11"]
[EventCountry "HUN"]
[SourceTitle "EXT 2010"]
[Source "ChessBase"]
[SourceDate "2010.11.25"]
[SourceVersion "1"]
[SourceVersionDate "2010.11.25"]
[SourceQuality "1"]
[WhiteTeam "Kisujszallas"]
[BlackTeam "Vasarhelyi"]
[WhiteTeamCountry "HUN"]
[BlackTeamCountry "HUN"]

1. c4 e6 2. d4 Nf6 3. Nf3 b6 4. g3 Bb7 5. Bg2 Be7 6. Nc3 0-0 7. 0-0 Ne4 8. Nxe4 Bxe4 9. Ne1 Bxg2 10. Nxg2 c5 11. Be3 cxd4 12. Bxd4 Nc6 13. Bc3 Rc8 14. Rc1 Bf6 15. Qd6 Bxc3 16. Rxc3 Qe7 17. Rd1 Rfd8 18. Rcd3 Kf8 19. Ne3 Nb4 20. R3d2 Qxd6 21. Rxd6 Ke7 22. R6d2 Rc7 23. b3 d6 24. f3 a5 25. Kf2 f6 26. h4 Rc5 27. Rb1 Rcc8 28. g4 g6 29. Rbd1 Ra8 30. a3 Nc6 31. a4 Nb4 32. Nc2 Nxc2 33. Rxc2 Rac8 34. Rcd2 f5 35. g5 Rc5 36. Rd4 e5 37. R4d2 Ke6 38. e3 Rc7 39. Rd5 Rc5 40. R5d2 Rc7 41. h5 gxh5 42. Rh1 Rg8 43. Rxh5 f4 44. exf4 exf4 45. Rd4 Rf7 46. Ke2 Rf5 47. Rxh7 Rgxg5 48. Rh6+ Ke7 49. Rdxd6 Re5+ 50. Kf2 b5 51. Ra6 Kf7 52. Rh7+ Kg8 53. Rb7 Re8 54. Rxb5 Rg3 55. Raxa5 1-0

[Event "HUN-chT2 Toth 0809"]
[Site "Hungary"]
[Date "2009.03.08"]
[Round "9.2"]
[White "Konya, Laszlo"]
[Black "Borsi, Imre"]
[Result "0-1"]
[WhiteElo "2138"]
[BlackElo "2176"]
[PlyCount "62"]
[EventDate "2008.10.26"]
[EventType "team-tourn"]
[EventRounds "11"]
[EventCountry "HUN"]
[SourceTitle "EXT 2010"]
[Source "ChessBase"]
[SourceDate "2010.11.25"]
[SourceVersion "1"]
[SourceVersionDate "2010.11.25"]
[SourceQuality "1"]
[WhiteTeam "Karcag"]
[BlackTeam "Vasarhelyi"]
[WhiteTeamCountry "HUN"]
[BlackTeamCountry "HUN"]

1. d4 Nf6 2. c4 e6 3. Nc3 c5 4. d5 exd5 5. cxd5 d6 6. e4 g6 7. Bb5+ Bd7 8. Be2 Qe7 9. Bg5 h6 10. Bxf6 Qxf6 11. Nf3 a6 12. a4 Bg7 13. Qb3 Bc8 14. 0-0 0-0 15. a5 Nd7 16. Kh1 g5 17. Nd2 Ne5 18. Nc4 Nxc4 19. Bxc4 Qe7 20. Rfe1 Be5 21. Na4 Qf6 22. Re2 Bg4 23. Re3 Qxf2 24. Rf1 Qd2 25. h3 Bh5 26. Nb6 Rad8 27. Na4 Rd7 28. Ra1 Re7 29. Ree1 Qf4 30. Kg1 Qh2+ 31. Kf1 Bd4 0-1

[Event "HUN-chT2 Toth 0809"]
[Site "Hungary"]
[Date "2009.02.08"]
[Round "7.2"]
[White "Antos, Zoltan"]
[Black "Borsi, Imre"]
[Result "0-1"]
[WhiteElo "2082"]
[BlackElo "2176"]
[PlyCount "114"]
[EventDate "2008.10.26"]
[EventType "team-tourn"]
[EventRounds "11"]
[EventCountry "HUN"]
[SourceTitle "EXT 2010"]
[Source "ChessBase"]
[SourceDate "2010.11.25"]
[SourceVersion "1"]
[SourceVersionDate "2010.11.25"]
[SourceQuality "1"]
[WhiteTeam "Nadudvar"]
[BlackTeam "Vasarhelyi"]
[WhiteTeamCountry "HUN"]
[BlackTeamCountry "HUN"]

1. e4 c6 2. d4 d5 3. e5 Bf5 4. Nd2 e6 5. Nb3 Nd7 6. g4 Be4 7. Nf3 c5 8. dxc5 a6 9. Bd3 Bxf3 10. Qxf3 Nxe5 11. Qg3 Nxd3+ 12. Qxd3 Nf6 13. Qd4 Rc8 14. Be3 Ne4 15. Qb4 Qc7 16. c3 Nxc5 17. Nxc5 Bxc5 18. Bxc5 Qxc5 19. Qxb7 Qc4 20. f3 0-0 21. Qa7 e5 22. Qe3 d4 23. cxd4 exd4 24. Qd2 Rfe8+ 25. Kf2 d3 26. Rhe1 Qd4+ 27. Kf1 h5 28. Qf2 Qxf2+ 29. Kxf2 Rc2+ 30. Kg3 Rxe1 31. Rxe1 Rxb2 32. Re8+ Kh7 33. Rd8 d2 34. a4 hxg4 35. fxg4 Ra2 36. a5 g5 37. Kf3 Kg6 38. Rd6+ f6 39. Ke3 Rxa5 40. Kxd2 Ra2+ 41. Ke3 a5 42. Ra6 a4 43. Kf3 a3 44. Kg3 Kf7 45. Ra7+ Ke6 46. Ra5 Ra1 47. Kg2 a2 48. Kh3 Kd6 49. Kg2 Kc6 50. Ra8 Kd5 51. Ra4 Kc5 52. Kh3 Kb5 53. Ra8 Kc4 54. Rc8+ Kd3 55. Rd8+ Ke2 56. Ra8 Kf1 57. Ra6 Rc1 0-1

[Event "HUN-chT2 Toth 0708"]
[Site "Hungary"]
[Date "2008.05.18"]
[Round "11"]
[White "Fekete, Albert"]
[Black "Borsi, Imre"]
[Result "1/2-1/2"]
[WhiteElo "2301"]
[BlackElo "2179"]
[PlyCount "86"]
[EventDate "2007.10.14"]
[EventType "team"]
[EventRounds "11"]
[EventCountry "HUN"]
[SourceTitle "EXT 2009"]
[Source "ChessBase"]
[SourceDate "2008.11.26"]
[SourceVersion "1"]
[SourceVersionDate "2008.11.26"]
[SourceQuality "1"]
[WhiteTeam "Gyula"]
[BlackTeam "Vasarhelyi"]
[WhiteTeamCountry "HUN"]
[BlackTeamCountry "HUN"]

1. c4 e6 2. Nf3 Nf6 3. g3 b6 4. Bg2 Bb7 5. 0-0 Be7 6. d3 d6 7. Nc3 0-0 8. b3 Nbd7 9. Bb2 d5 10. Qc2 c5 11. e4 d4 12. Ne2 e5 13. Nh4 Ne8 14. Nf5 g6 15. Nxe7+ Qxe7 16. Rae1 f5 17. exf5 Bxg2 18. Kxg2 gxf5 19. Ng1 Qd6 20. f4 Nef6 21. fxe5 Nxe5 22. Nf3 Neg4 23. Bc1 Rae8 24. Bf4 Qc6 25. Qc1 Nh5 26. Kg1 Rxe1 27. Nxe1 Re8 28. Qd2 Ne3 29. Bxe3 dxe3 30. Qg2 Qd7 31. Qf3 Ng7 32. Kg2 h5 33. h3 Qd4 34. Qd5+ Qxd5+ 35. cxd5 Re5 36. Rf3 Kf7 37. Kf1 Rxd5 38. Rxe3 Ne6 39. Ng2 Kf6 40. Kf2 Rd4 41. Ke2 a5 42. Kd2 a4 43. Rf3 Ng5 1/2-1/2

[Event "HUN-chT2 Toth 0708"]
[Site "Hungary"]
[Date "2007.12.16"]
[Round "5"]
[White "Konya, Laszlo"]
[Black "Borsi, Imre"]
[Result "1/2-1/2"]
[WhiteElo "2126"]
[BlackElo "2190"]
[PlyCount "72"]
[EventDate "2007.10.14"]
[EventType "team"]
[EventRounds "11"]
[EventCountry "HUN"]
[SourceTitle "EXT 2009"]
[Source "ChessBase"]
[SourceDate "2008.11.26"]
[SourceVersion "1"]
[SourceVersionDate "2008.11.26"]
[SourceQuality "1"]
[WhiteTeam "Karcag"]
[BlackTeam "Vasarhelyi"]
[WhiteTeamCountry "HUN"]
[BlackTeamCountry "HUN"]

1. d4 Nf6 2. Nf3 e6 3. Bg5 d5 4. e3 Be7 5. Bd3 h6 6. Bh4 b6 7. Nbd2 Bb7 8. Qe2 Nbd7 9. 0-0 Ne4 10. Bxe7 Qxe7 11. c3 0-0 12. Ne1 Nxd2 13. Qxd2 e5 14. f4 e4 15. Be2 f5 16. Kh1 Nf6 17. Rg1 Kh8 18. Nc2 Rae8 19. Qe1 g5 20. Qf2 g4 21. Qh4 Qg7 22. a4 a5 23. b4 Ra8 24. Qe1 Ba6 25. g3 Qd7 26. b5 Bb7 27. Na3 Rac8 28. Qd2 c5 29. bxc6 Bxc6 30. Bb5 h5 31. Rgb1 h4 32. Kg2 Qh7 33. Rh1 Nd7 34. h3 Rg8 35. hxg4 Rxg4 36. Rh3 Bxb5 1/2-1/2

[Event "HUN-chT2 Toth 0708"]
[Site "Hungary"]
[Date "2007.10.14"]
[Round "1"]
[White "Borsi, Imre"]
[Black "Csukas, Tibor"]
[Result "1/2-1/2"]
[WhiteElo "2190"]
[BlackElo "1928"]
[PlyCount "39"]
[EventDate "2007.10.14"]
[EventType "team"]
[EventRounds "11"]
[EventCountry "HUN"]
[SourceTitle "EXT 2009"]
[Source "ChessBase"]
[SourceDate "2008.11.26"]
[SourceVersion "1"]
[SourceVersionDate "2008.11.26"]
[SourceQuality "1"]
[WhiteTeam "Vasarhelyi"]
[BlackTeam "Nadudvar"]
[WhiteTeamCountry "HUN"]
[BlackTeamCountry "HUN"]

1. d4 d5 2. Nf3 Nf6 3. e3 e6 4. Bd3 Be7 5. Nbd2 Nbd7 6. 0-0 0-0 7. Qe2 c5 8. c3 Qc7 9. e4 c4 10. Bc2 dxe4 11. Nxe4 b5 12. a4 bxa4 13. Bg5 Bb7 14. Rxa4 Bd5 15. Nxf6+ Bxf6 16. Bxf6 Nxf6 17. Ne5 Rfc8 18. Rfa1 h6 19. Ra5 Nd7 20. Nxd7 1/2-1/2